000 00755nam a2200217 a 4500
008 120416s1999 ||||||||||||||||| || u
020 _a0415162734
050 _aGB 661.2 Eco
100 _aWilby, Robert L
245 1 0 _aEco-hydrology
_cedited by Andrew J. Baird
246 _aplants and water in terrestrial and aquatic environments
260 _aLondon
_bRoutledge
_c1999
300 _axviii, 402p. : ill.
350 _a0.00
500 _aBibliography.
650 _aECOLOGY
650 _aPLANT--WATER RELATIONSHIPS
650 _aHYDROLOGY
700 _aBaird, Andrew J
995 _D0.00
_FCBU-MAIN LIBRARY (Kitwe)
_H1
_I24.95
_M1
_UAVAILABLE
_WFeb 21, 2007
_ZMain Library Open Access Collection
999 _c40685
_d40685